Najwięcej zbiórek w historii NBA - Statystyki

Ogólne statystyki
  • Ten quiz został rozwiązany 92 razy
  • Średni wynik to 4 z 10
Statystyki odpowiedzi
Zawodnik Liczba zbiórek % Poprawnych
Wilt Chamberlain 23,924
83%
Bill Russell 21,620
57%
Kareem Abdul-Jabbar 17,440
54%
Karl Malone 14,968
51%
Moses Malone 16,212
50%
Tim Duncan 15,091
44%
Dwight Howard 14,627
35%
Kevin Garnett 14,662
15%
Robert Parish 14,715
11%
Elvin Hayes 16,279
1%
Nie znaleziono quizów pasujących do podanych kryteriów
Rozkład punktacji
Procent ludzi z każdym wynikiem
Percentyl według liczby udzielonych odpowiedzi
Twoja historia wyników
Nie rozwiązałeś tego quizu